| 000 | 01112cam a22003135a 4500 | ||
|---|---|---|---|
| 001 | 12987167 | ||
| 003 | OSt | ||
| 005 | 20230607090651.0 | ||
| 008 | 020718s2002 ke f000 0 eng | ||
| 010 | _a 2002345081 | ||
| 035 | _a(DLC) 2002345081 | ||
| 040 |
_aDLC _cDLC _dDLC |
||
| 042 | _alcode | ||
| 043 | _af-ke--- | ||
| 050 | 0 | 0 |
_aJQ2947.A56 _bE85 2002 |
| 082 | 0 | 0 |
_a172/.2 _222 |
| 110 | 1 | _aKenya. | |
| 245 | 1 | 0 |
_aPublic Service Integrity Programme : _ba source book for corruption prevention in the public service / _cRepublic of Kenya, Office of the President. |
| 260 |
_aNairobi : _bDirectorate of Personnel Management : _bAnti-Corruption Police Unit, _cc2002. |
||
| 300 |
_axv, 142 p. ; _c30 cm. |
||
| 500 | _a"March, 2002." | ||
| 650 | 0 |
_aCivil service ethics _zKenya. |
|
| 650 | 0 |
_aLocal officials and employees _xProfessional ethics _zKenya. |
|
| 710 | 1 |
_aKenya. _bDirectorate of Personnel Management. |
|
| 710 | 1 |
_aKenya. _bAnti-Corruption Police Unit. |
|
| 906 |
_a7 _bibc _corigode _d3 _encip _f20 _gy-gencatlg |
||
| 942 |
_2ddc _cBK |
||
| 999 |
_c774 _d774 |
||